Organická chémia II

Bibliographic Details
Main Author: Hrnčiar, Pavol, 1930-2007 (Author)
Format: Book
Language:Undetermined
PhysicalDescription:237 s.
Published: Bratislava Slovenské pedagogické nakladateľstvo 1967
Edition:1. vyd.

MARC

LEADER 00000nam a2200000 a 4500
001 vtls001452311
003 SK-MaSNL
005 20260301073145.0
008 240126s1967 xo 0 und
035 |a SNK000407618 
040 |a SNK  |b slo  |c SNK  |e AACR2 
044 |a xo  |c SK 
100 1 |a Hrnčiar, Pavol,  |d 1930-2007  |4 aut  |9 37000 
245 1 |a Organická chémia II 
250 |a 1. vyd. 
260 |a Bratislava  |b Slovenské pedagogické nakladateľstvo  |c 1967 
300 |a 237 s. 
958 |a OND 
999 |c 643296  |d 645226 
952 |t P60, <04>, [BOOK], {604}  |a SNK  |b SNK  |y VYP  |7 0  |p 17A0381434  |o snkSB 12082/2 D2  |i snkD 849/76  |0 0  |1 0  |4 0  |d 2003-04-17  |l 0  |r 2005-01-02 00:00:00  |w 2026-02-23